| 000 | 01334pam a2200361 a 4500 | ||
|---|---|---|---|
| 001 | 5403004 | ||
| 005 | 20090423131547.0 | ||
| 008 | 050704r20041963enkaf b 001 0 eng | ||
| 015 | _aGBA4-Z9546 | ||
| 020 | _a0415330009 (hard.) | ||
| 035 | _a(OCoLC)OCM53871036 | ||
| 035 | _a(NNC)5403004 | ||
| 040 |
_aUKM _cUKM _dOCLCQ _dBWKUK _dNNC |
||
| 041 | 1 |
_aeng _hfre |
|
| 043 | _afb----- | ||
| 050 |
_aHQ1787 _b.W66 1963 |
||
| 245 | 0 | 0 |
_aWomen of tropical Africa / _cedited by Denise Paulme. |
| 260 |
_aLondon ; _aNew York : _bRoutledge, _c[2004]. |
||
| 300 |
_aix, 308 p., [8] p. of plates : _bill. ; _c23 cm. |
||
| 490 | 1 | _aRoutledge library editions. Anthropology and ethnography | |
| 500 | _aThis translation originally published: London: Routledge & K. Paul, 1963. | ||
| 504 | _aIncludes bibliographical references (p. 231-293) and indexes. | ||
| 546 | _aTranslated from the French. | ||
| 650 | 0 |
_aWomen _zAfrica, Sub-Saharan. |
|
| 650 | 0 |
_aWomen, Black _zAfrica, Sub-Saharan. |
|
| 700 | 1 | _aPaulme, Denise. | |
| 830 | 0 |
_aRoutledge library editions. _pAnthropology and ethnography. |
|
| 942 |
_2lcc _cBK |
||
| 948 | 1 |
_a20050926 _bc _cdc21 _dMPS |
|
| 948 | 1 |
_a20050930 _bc _chew2 _dMPS |
|
| 999 |
_c35174 _d35174 |
||